000 00385nam a2200169Ia 4500
003 OSt
005 20240702102315.0
008 170619s9999 xx 000 0 und d
020 _a 978-0367682088
040 _cIIMT ENGINEERING COLLEGE
100 _aJohnston- M.W
245 0 _aSales Force Management
260 _bTMH
260 _c2010
546 _aENGLISH
942 _2ddc
_c02
999 _c22872
_d22872